000 00955nas a2200289 4500
001 BR9206721
003 BR-BrBNA
005 20231205092947.0
007 ta
008 230509b bl.|||p| |||| 00| 00por d
040 _aBR-BrBNA
_bpor
_cBiblioteca Nacional de Agricultura
041 _a(Pt)
072 _aF30
100 1 _aFerreira, F.A.
100 1 _aCheng, S.S.
100 1 _aCardoso, M.R.
245 1 _aEfeitos de frigorificacao pre-plantio sobre o ciclo vegetativo, producao, composicao quimica e conservacao pos-colheita do alho (Allium sativum L.)cultivar chonan visando producao de entressafra em altitude elevada de 1300 m
650 _aALHO
650 _aPRE-PLANTIO
650 _aPRODUCAO VEGETAL
650 _aTEMPERATURA
650 _aFRIO
650 _aENTRESSAFRA
773 0 _tRevista de Olericultura (Brazil)
_x
_g(1981), (no. 18) p. 44-57
_wBR9206721
909 _a202311
_bLúcia
_c55
_dLúcia Elande
942 _2AGRIS
_n0
_cANA
999 _c135403
_d135403